| 000 | 00585nam a22001817a 4500 | ||
|---|---|---|---|
| 999 |
_c17102 _d17102 |
||
| 008 | 180807b xxu||||| |||| 00| 0 eng d | ||
| 020 | _a08264 | ||
| 040 |
_aKABU _cKABU |
||
| 050 |
_aLB2822.84 _b.R83 2004 c. 1 |
||
| 100 | _aRudduck, Jean | ||
| 245 |
_aHow to improve your school _bgiving pupils a voice _cJean Rudduck and Julia Flutter |
||
| 260 |
_aLondon _bContinuum _c2004 |
||
| 300 | _axv, 189 p. | ||
| 650 |
_aSchool improvement programs _zGreat Britain |
||
| 650 | _aStudent participation in administration | ||
| 700 | _aFlutter, Julia | ||
| 942 |
_2lcc _cBK _hLB2822.84 |
||